IFM Opac

Law of Contract: (Record no. 21449)

MARC details
000 -LEADER
fixed length control field 00357nam a2200145Ia 4500
082 ## - DEWEY DECIMAL CLASSIFICATION NUMBER
Classification number 346.02 KAP
100 ## - MAIN ENTRY--PERSONAL NAME
Personal name KAPOOR, S. K.
9 (RLIN) 9574
245 ## - TITLE STATEMENT
Title Law of Contract:
260 ## - PUBLICATION, DISTRIBUTION, ETC.
Place of publication, distribution, etc. Allahabad:
Name of publisher, distributor, etc. Central Law Agency
Date of publication, distribution, etc. 1999
260 ## - PUBLICATION, DISTRIBUTION, ETC.
Name of publisher, distributor, etc. Central Law Agency
260 ## - PUBLICATION, DISTRIBUTION, ETC.
Date of publication, distribution, etc. 1999
300 ## - PHYSICAL DESCRIPTION
Extent xlv, 131p.
Other physical details :ill. ;23cm
650 ## - SUBJECT ADDED ENTRY--TOPICAL TERM
Topical term or geographic name entry element Contract - Law
9 (RLIN) 9575
942 ## - ADDED ENTRY ELEMENTS (KOHA)
Koha item type Books
Holdings
Withdrawn status Lost status Damaged status Not for loan Home library Current library Shelving location Date acquired Total Checkouts Full call number Barcode Date last seen Price effective from Koha item type
        IFM Dodoma Campus Library IFM Dodoma Campus Library Dodoma Center 08/05/2016   346.02 KAP 0000002568 08/05/2016 05/18/2022 Books